| 000 | 00445nam a2200181Ia 4500 | ||
|---|---|---|---|
| 003 | 0100 | ||
| 008 | 130303s9999 xx 000 0 und d | ||
| 040 | _cARRUPELIB | ||
| 050 | _aHN253.L36 1995 | ||
| 100 | _aLauer, Robert H | ||
| 245 | _aSocial Problems and the Quality of Life | ||
| 250 | _asixth edition | ||
| 260 | _aMadison | ||
| 260 | _bWilliam Brown Benchmark Communications Inc | ||
| 260 | _C1995 | ||
| 300 | _a618p | ||
| 942 | 0 | 0 | _01 |
| 999 |
_c18485 _d18485 |
||